Les 17 enfants électriques du "Cercle des 17" - Statistiques

Statistiques générales
  • Ce quiz a été pris 16 fois
  • Le résultat moyen est 13 sur 17
Statistiques - réponses
Camp Enfant électrique % Correct
Electroclan Michael
100%
Halos de Hatch -> Electroclan Tara
100%
Electroclan Taylor
100%
Electroclan Abigail
88%
Electroclan Ian
88%
Electroclan McKenna
88%
Halos de Hatch -> Electroclan Quentin
88%
Halos de Hatch -> Electroclan Zeus
88%
Halos de Hatch Bryan
75%
Résistance -> Electroclan Cassy
75%
Halos de Hatch -> Electroclan Nichelle
75%
Halos de Hatch -> Electroclan Tanner
75%
Halos de Hatch -> Tribu Ammacarra -> Electroclan Tessa
75%
Halos de Hatch Kylee
63%
Halos de Hatch -> Electroclan Torstyn
63%
Halos de Hatch -> Electroclan Grace
50%
Halos de Hatch Zara
50%
Aucun quiz correspondant
Distribution des résultats
% des personnes avec chaque résultat
Percentile par nombre de réponses
Votre historique - résultats
Vous n’avez pas pris ce quiz